Name a Valid "Chinese-bordering" Country - Statistics

General Stats
  • This quiz has been taken 8 times
  • The average score is 12 of 15
Answer Stats
Category Answer % Correct
Has been part of the Soviet Union, but isn't Russia Kazakhstan / Kyrgyzstan / Tajikistan
100%
With no Coastline Laos / Bhutan / Nepal / Afghanistan / Tajikistan / Kyrgyzstan / Kazakhstan / Mongolia
100%
That borders Russia Mongolia / Kazakhstan / North Korea
100%
With Yellow in its flag Philippines / Macau / Vietnam / Myanmar / Bhutan / Kyrgyzstan / Tajikistan / Kazakhstan / Mongolia
100%
Borders a sea that China borders Philippines / Taiwan / Macau / Hong Kong / North Korea / South Korea / Japan
100%
Has more than 1 million Horses Mongolia / Russia / Kazakhstan
75%
Has been to the Men's FIFA World Cup North Korea / South Korea / Japan
75%
That drives on the Left Pakistan / India / Nepal / Bhutan / Japan / Hong Kong
75%
Being richer than Saudi Arabia in GDP South Korea / Russia / Japan / India
75%
With a population over 100 million, but isn't India Vietnam / Philippines / Japan / Pakistan
75%
Having the same Time Zone as China Macau / Hong Kong / Taiwan / Philippines
63%
That borders the Chinese region of Xinjiang Russia / Mongolia / Kazakhstan / Kyrgyzstan / Tajikistan / Afghanistan / Pakistan / (India)
63%
Uses the Latin Alphabet in their Language Vietnam
63%
That is majority Theravada Buddhism Laos / Myanmar
50%
With a border along Georgia Russia
50%
No matching quizzes found
Score Distribution
Percent of People with Each Score
Percentile by Number Answered
Your Score History
You have not taken this quiz